| 000 | 00815nam a22002537a 4500 | ||
|---|---|---|---|
| 001 | 31639 | ||
| 003 | UA-OsUOA | ||
| 005 | 20230914154306.0 | ||
| 007 | ta | ||
| 008 | 20050110b un ||||| |||| 00| 0 ukr d | ||
| 040 |
_aUA-OsUOA _brus _cUA-OsUOA _dUA-OsUOA |
||
| 041 | _arus | ||
| 044 | _aRU | ||
| 080 | _a94(437.1) | ||
| 090 |
_a94(437.1) _bИ90 |
||
| 245 |
_aИстория Чехословакии: в трех томах _cред. С. А. Никитина, М. А. Полтавского, Г. Э. Санчука |
||
| 260 |
_aМосква _bИзд-во Академии Наук СССР _c1959 |
||
| 300 | _a359 с. | ||
| 505 | _gТ. 2 | ||
| 650 | 7 |
_2UDC _a94 Історія загалом |
|
| 942 |
_cBK _2udc |
||
| 955 | _a2 | ||
| 999 |
_c318068 _d318068 |
||